Name a Valid Answer - Random - Statistics

General Stats
  • This quiz has been taken 1,021 times
    991 since last reset
  • The average score is 10 of 15
Answer Stats
Question Answers % Correct
Country that won the Fifa World Cup Brazil|Germany|Argentina|Italy|Uruguay|France|Spain|England
98%
Letter on top row on keyboard q|w|e|r|t|y|u|i|o|p
95%
3 biggest states in the USA Alaska|Texas|Montana
94%
Name one of the three most popular ice cream flavors Chocolate|Vanilla|Strawberry
94%
Nordic countries Denmark|Iceland|Norway|Sweden|Finland
91%
City in Canada with over 1 million people Calgary|Toronto|Montreal
87%
4 types of precipitation Sleet|Rain|Hail|Snow
79%
Countries where baseball is the most popular sport Cuba|Dominican Republic|Japan|Nicaragua|Palau|Panama|South Korea| Taiwan|Venezuela
69%
Name one of the three biggest cities in Ohio Columbus|Cleveland|Cincinnati
66%
Monarchies in Oceania Australia|New Zealand|Papua New Guinea|Solomon Islands|Tuvalu|Tonga
65%
Baltic States Estonia|Latvia|Lithuania
63%
Country with lion on flag Sri Lanka|Spain|Montenegro
50%
Countries where most popular sport is basketball China|Estonia|Lithuania|Philippines|Seychelles
49%
National League East team in the MLB Mets|Marlins|Braves|Phillies|Nationals
36%
Name one of the two most taken JetPunkers that is not Quizmaster relessness|Stewart
5%
No matching quizzes found
Score Distribution
Percent of People with Each Score
Percentile by Number Answered
Your Score History
You have not taken this quiz since the last reset